[Event "Milan Palladino Memorial-A 7th"]
[Site "Milan"]
[Date "2015.04.04"]
[Round "3"]
[White "Podini, Francesco"]
[Black "Podetti, Davide"]
[Result "1/2-1/2"]
[WhiteElo "2014"]
[BlackElo "1974"]
[PlyCount "62"]
[EventDate "2015.04.02"]
[EventType "swiss"]
[EventRounds "7"]
[EventCountry "ITA"]
[SourceTitle "EXT 2017"]
[Source "ChessBase"]
[SourceDate "2016.10.25"]
[SourceVersion "1"]
[SourceVersionDate "2016.10.25"]
[SourceQuality "1"]

1. c4 e5 2. Nc3 Nf6 3. g3 d5 4. cxd5 Nxd5 5. Bg2 Nb6 6. Nf3 Nc6 7. 0-0 Be7 8. d3 0-0 9. Be3 Be6 10. a3 a5 11. Na4 Nd5 12. Bc5 Nb6 13. Rc1 f6 14. Bxe7 Nxe7 15. Nc5 Bc8 16. Nd2 c6 17. b4 axb4 18. Qb3+ Kh8 19. axb4 Nf5 20. e3 Nd6 21. Ra1 Rb8 22. Rfd1 Qe7 23. Nde4 Nb5 24. Nc3 Bg4 25. Rdc1 Nc7 26. Ra7 Bc8 27. Rca1 Rd8 28. Rd1 Ne6 29. N5a4 Nxa4 30. Nxa4 Nc7 31. Nc3 Be6 1/2-1/2

[Event "Milan Crespi op-A 35th"]
[Site "Milan"]
[Date "2014.12.10"]
[Round "6"]
[White "Vanheirzeele, Daniel"]
[Black "Podini, Francesco"]
[Result "1/2-1/2"]
[WhiteElo "2081"]
[BlackElo "2000"]
[PlyCount "23"]
[EventDate "2014.12.06"]
[EventType "swiss"]
[EventRounds "9"]
[EventCountry "ITA"]
[SourceTitle "EXT 2016"]
[Source "ChessBase"]
[SourceDate "2015.10.08"]
[SourceVersion "1"]
[SourceVersionDate "2015.10.08"]
[SourceQuality "1"]

1. d4 e6 2. c4 b6 3. e4 Bb7 4. Nd2 g6 5. Ngf3 Bg7 6. Bd3 Ne7 7. 0-0 0-0 8. Re1 c5 9. d5 e5 10. Nf1 d6 11. h3 h6 12. Bd2 1/2-1/2

[Event "Bratto op-B 32nd"]
[Site "Bratto"]
[Date "2012.08.19"]
[Round "2"]
[White "Negro, Roberto"]
[Black "Podini, Francesco"]
[Result "1-0"]
[WhiteElo "2117"]
[BlackElo "2021"]
[PlyCount "44"]
[EventDate "2012.08.18"]
[EventType "swiss"]
[EventRounds "9"]
[EventCountry "ITA"]
[SourceTitle "EXT 2014"]
[Source "ChessBase"]
[SourceDate "2013.11.20"]
[SourceVersion "1"]
[SourceVersionDate "2013.11.20"]
[SourceQuality "1"]

1. d4 Nf6 2. Nf3 c5 3. e3 e6 4. Bd3 Nc6 5. b3 Be7 6. 0-0 0-0 7. Bb2 d5 8. Nbd2 b6 9. Ne5 Bb7 10. f4 Rc8 11. a3 Na5 12. dxc5 bxc5 13. Qe1 c4 14. bxc4 dxc4 15. Ndxc4 Nxc4 16. Nxc4 Qd5 17. Qe2 Ne4 18. Rad1 Rfd8 19. Ne5 Qa2 20. Rb1 Bxa3 21. Bxa3 Nc3 22. Bxh7+ Kh8 1-0

[Event "Bratto op 31st"]
[Site "Bratto"]
[Date "2011.08.21"]
[Round "2"]
[White "Podini, Francesco"]
[Black "Vezzani, Stefano"]
[Result "1/2-1/2"]
[WhiteElo "2033"]
[BlackElo "2183"]
[PlyCount "43"]
[EventDate "2011.08.20"]
[EventType "swiss"]
[EventRounds "9"]
[EventCountry "ITA"]
[SourceTitle "EXT 2022"]
[Source "ChessBase"]
[SourceDate "2021.10.06"]
[SourceVersion "1"]
[SourceVersionDate "2021.10.06"]
[SourceQuality "1"]

1. e4 d5 2. exd5 Qxd5 3. Nc3 Qd6 4. d4 Nf6 5. Nf3 a6 6. g3 Bg4 7. Be3 e6 8. Bg2 Nc6 9. Qd2 0-0-0 10. 0-0-0 Qb4 11. h3 Bh5 12. g4 Bg6 13. Ng5 h6 14. Nge4 Nxe4 15. Bxe4 Bxe4 16. Nxe4 Qc4 17. Kb1 e5 18. b3 Qd5 19. Nc3 Qa5 20. Ne2 Bb4 21. c3 Be7 22. d5 1/2-1/2

[Event "Bratto op 31st"]
[Site "Bratto"]
[Date "2011.08.20"]
[Round "1"]
[White "Vishnu, Prasanna V"]
[Black "Podini, Francesco"]
[Result "1-0"]
[WhiteElo "2340"]
[BlackElo "2033"]
[PlyCount "49"]
[EventDate "2011.08.20"]
[EventType "swiss"]
[EventRounds "9"]
[EventCountry "ITA"]
[SourceTitle "EXT 2022"]
[Source "ChessBase"]
[SourceDate "2021.10.06"]
[SourceVersion "1"]
[SourceVersionDate "2021.10.06"]
[SourceQuality "1"]

1. e4 c5 2. Nf3 e6 3. d4 cxd4 4. Nxd4 Nf6 5. Nc3 d6 6. Be2 a6 7. f4 Be7 8. 0-0 0-0 9. Be3 Qc7 10. g4 b5 11. g5 Ne8 12. a3 Bb7 13. f5 e5 14. Nb3 Nd7 15. Qe1 f6 16. g6 hxg6 17. fxg6 f5 18. Qg3 Ndf6 19. Rxf5 Bc8 20. Rf2 Be6 21. Raf1 Qd7 22. Qh4 Rc8 23. Bg4 Rc4 24. Rxf6 Nxf6 25. Rxf6 1-0

[Event "Bratto op-A 28th"]
[Site "Bratto"]
[Date "2008.08.25"]
[Round "4"]
[White "De Santis, Alessio"]
[Black "Podini, Francesco"]
[Result "1-0"]
[WhiteElo "2295"]
[BlackElo "2051"]
[PlyCount "45"]
[EventDate "2008.08.22"]
[EventType "swiss"]
[EventRounds "9"]
[EventCountry "ITA"]
[SourceTitle "CBM 126 Extra"]
[Source "ChessBase"]
[SourceDate "2008.11.05"]
[SourceVersion "1"]
[SourceVersionDate "2008.11.05"]
[SourceQuality "1"]

1. d4 Nf6 2. c4 c5 3. d5 b5 4. cxb5 a6 5. f3 g6 6. e4 d6 7. Nc3 Bg7 8. a4 0-0 9. Ra3 e6 10. Bc4 Re8 11. Nge2 Bb7 12. 0-0 Qc7 13. dxe6 fxe6 14. Nf4 Bc8 15. Ncd5 Qd8 16. b6 exd5 17. Bxd5+ Nxd5 18. Qxd5+ Kh8 19. Qxa8 Qxb6 20. Nd5 Qb7 21. Qxb7 Bxb7 22. Rd1 Bd4+ 23. Be3 1-0

[Event "Bratto op-A 28th"]
[Site "Bratto"]
[Date "2008.08.22"]
[Round "1"]
[White "Podini, Francesco"]
[Black "Lanzani, Mario"]
[Result "0-1"]
[WhiteElo "2051"]
[BlackElo "2349"]
[PlyCount "44"]
[EventDate "2008.08.22"]
[EventType "swiss"]
[EventRounds "9"]
[EventCountry "ITA"]
[SourceTitle "CBM 126 Extra"]
[Source "ChessBase"]
[SourceDate "2008.11.05"]
[SourceVersion "1"]
[SourceVersionDate "2008.11.05"]
[SourceQuality "1"]

1. c4 Nf6 2. Nc3 c5 3. e4 Nc6 4. g3 h5 5. h4 d6 6. Bg2 g6 7. Nge2 Ne5 8. d4 cxd4 9. Nxd4 Bg7 10. 0-0 Qa5 11. Nd5 Nxc4 12. b4 Qd8 13. Qd3 Nxd5 14. Qxc4 Nb6 15. Qd3 0-0 16. Bg5 Nd7 17. Rac1 Qb6 18. Nf3 Nf6 19. a3 Bd7 20. Rfe1 Ng4 21. Bxe7 Qxf2+ 22. Kh1 Qxe1+ 0-1

[Event "Bratto op-A 27th"]
[Site "Bratto"]
[Date "2007.08.31"]
[Round "9"]
[White "Podini, Francesco"]
[Black "Salmoiraghi, Angelo"]
[Result "0-1"]
[WhiteElo "2075"]
[BlackElo "2031"]
[PlyCount "54"]
[EventDate "2007.08.23"]
[EventType "swiss"]
[EventRounds "9"]
[EventCountry "ITA"]
[SourceTitle "CBM 120 Extra"]
[Source "ChessBase"]
[SourceDate "2007.11.01"]
[SourceVersion "1"]
[SourceVersionDate "2007.11.01"]
[SourceQuality "1"]

1. e4 Nc6 2. d4 d5 3. e5 f6 4. exf6 exf6 5. Bd3 Be6 6. Nf3 Qd7 7. Nc3 Nge7 8. Be3 Nf5 9. Qd2 Be7 10. a3 0-0-0 11. 0-0-0 Nxe3 12. Qxe3 Rde8 13. h3 Bd6 14. Qd2 g5 15. Ne2 Ne7 16. Qa5 Kb8 17. Nc3 c6 18. Na4 b6 19. Qc3 c5 20. dxc5 Bf4+ 21. Kb1 Qxa4 22. Qxf6 Nc6 23. Rhe1 Rhf8 24. Qh6 g4 25. Qg7 Rf7 26. Rxe6 Rxg7 27. Rxe8+ Kc7 0-1

[Event "Bratto op-A 27th"]
[Site "Bratto"]
[Date "2007.08.28"]
[Round "6"]
[White "Moncelli, Giorgio"]
[Black "Podini, Francesco"]
[Result "1-0"]
[WhiteElo "2147"]
[BlackElo "2075"]
[PlyCount "49"]
[EventDate "2007.08.23"]
[EventType "swiss"]
[EventRounds "9"]
[EventCountry "ITA"]
[SourceTitle "CBM 120 Extra"]
[Source "ChessBase"]
[SourceDate "2007.11.01"]
[SourceVersion "1"]
[SourceVersionDate "2007.11.01"]
[SourceQuality "1"]

1. d4 e6 2. Nf3 f5 3. c3 Nf6 4. Bg5 d5 5. e3 Bd6 6. Nbd2 0-0 7. Bd3 Nbd7 8. 0-0 Qe8 9. Bf4 e5 10. dxe5 Nxe5 11. Nxe5 Bxe5 12. Nf3 Bxf4 13. exf4 Qh5 14. Re1 Bd7 15. Qb3 b6 16. Re5 Qg4 17. Re7 Rad8 18. Ne5 Qxf4 19. g3 Qg5 20. Nxd7 Rxd7 21. Rxd7 Nxd7 22. Qxd5+ Rf7 23. Bc4 Qe7 24. Rd1 Nf8 25. Qxf5 1-0

[Event "Bratto op 26th"]
[Site "Bratto"]
[Date "2006.08.23"]
[Round "5"]
[White "Podini, Francesco"]
[Black "Faccia, Sergio"]
[Result "1-0"]
[WhiteElo "2069"]
[BlackElo "2035"]
[PlyCount "45"]
[EventDate "2006.08.19"]
[EventType "swiss"]
[EventRounds "9"]
[EventCountry "ITA"]
[SourceTitle "CBM 113 Extra"]
[Source "ChessBase"]
[SourceDate "2006.09.14"]
[SourceVersion "1"]
[SourceVersionDate "2006.09.14"]
[SourceQuality "1"]

1. c4 e5 2. Nc3 c6 3. e4 Bc5 4. Nf3 d6 5. Be2 f5 6. exf5 Bxf5 7. d4 exd4 8. Nxd4 Bg6 9. Ne6 Qf6 10. Nxc5 dxc5 11. Be3 Nd7 12. Qd2 Ne7 13. Rd1 Rd8 14. Bg5 Qe6 15. Qf4 Rf8 16. Qg3 h6 17. Rd6 Qxd6 18. Qxd6 hxg5 19. 0-0 Rf6 20. Qc7 Nf8 21. Bg4 Ne6 22. Qe5 Rd6 23. Qxd6 1-0

[Event "Lugano op"]
[Site "Lugano"]
[Date "2004.11.01"]
[Round "6"]
[White "Botta, Giancarlo"]
[Black "Podini, Francesco"]
[Result "1/2-1/2"]
[WhiteElo "1649"]
[BlackElo "2075"]
[PlyCount "71"]
[EventDate "2004.10.30"]
[EventType "swiss"]
[EventRounds "6"]
[EventCountry "SUI"]
[SourceTitle "EXT 2007"]
[Source "ChessBase"]
[SourceDate "2006.11.23"]
[SourceVersion "1"]
[SourceVersionDate "2006.11.23"]
[SourceQuality "1"]

1. e4 c5 2. Nf3 e6 3. d4 cxd4 4. Nxd4 Nf6 5. Nc3 d6 6. Be3 a6 7. g4 Be7 8. g5 Nfd7 9. Qh5 0-0 10. h4 Nc6 11. Nxc6 bxc6 12. Bd3 Ne5 13. f4 Nxd3+ 14. cxd3 Rb8 15. 0-0-0 d5 16. Bd4 Rb4 17. Be5 Qb6 18. Rdg1 Qe3+ 19. Kc2 Qf2+ 20. Qe2 Qxe2+ 21. Nxe2 dxe4 22. d4 c5 23. dxc5 Bxc5 24. Rg3 Bb7 25. Rgh3 Rc8 26. Kb1 Rd8 27. Bc3 Rb5 28. a4 Rb3 29. Nc1 Rb4 30. Bxb4 Bxb4 31. Rb3 e3 32. Rxb4 Bxh1 33. Rb3 Be4+ 34. Ka1 Bc2 35. Rc3 Bxa4 36. Rxe3 1/2-1/2